[Event "Brasschaat op 09th"]
[Site "Brasschaat"]
[Date "2009.08.22"]
[Round "8"]
[White "Hiel, Lino"]
[Black "Sysmans, Maarten"]
[Result "1-0"]
[WhiteElo "1942"]
[BlackElo "1779"]
[PlyCount "71"]
[EventDate "2009.08.15"]
[EventType "swiss"]
[EventRounds "9"]
[EventCountry "BEL"]
[SourceTitle "EXT 2017"]
[Source "ChessBase"]
[SourceDate "2016.10.25"]
[SourceVersion "1"]
[SourceVersionDate "2016.10.25"]
[SourceQuality "1"]

1. d4 f5 2. c4 Nf6 3. Nc3 d6 4. g3 g6 5. Bg2 Bg7 6. Qb3 c6 7. Bg5 Nbd7 8. d5 c5 9. Nh3 Qb6 10. Nf4 Qxb3 11. axb3 Ne5 12. Nb5 0-0 13. Nc7 Rb8 14. Rxa7 h6 15. Bxf6 Bxf6 16. Kd2 Bd7 17. Rha1 g5 18. Nd3 Nxd3 19. Kxd3 b5 20. R1a2 bxc4+ 21. bxc4 Rb3+ 22. Kc2 Rfb8 23. Nb5 Bxb5 24. Kxb3 Ba6+ 25. Kc2 Bxc4 26. Ra8 Bxa2 27. Rxb8+ Kf7 28. b3 c4 29. b4 Bb3+ 30. Kc1 Ba1 31. Ra8 Bc3 32. b5 Be1 33. b6 c3 34. Rc8 Bd2+ 35. Kb1 c2+ 36. Kb2 1-0